01761 2200181 4500001002100000005001500021035002000036245014300056100001700199250001700216300003200233260003100265082001100296084001700307020002200324650001500346500121800361INLIS00000000000000920240318035452 a0010-03240000091 aKumpulan Kisah Binatang dan Suara Bising :b15 Fabel yang Akan Mengajak Kalian Mengenal Berbagai Lingkungan Bersuara Keras /cLiza Erfiana0 aLiza Erfiana acetakan ke-1 avi, 90 hlm :bilus ;c24 cm aSolo :bTiga Ananda,c2018 a398.24 a398.24 LIZ k a978-602-366-672-0 4aFiksi Anak aHewan merupakan salah satu makhluk hidup, hewan biasa tinggal di alam liar sehingga setiap harinya sudah terbiasa dengan kehidupan keras dan suara bising yang mereka dengar. Berbeda dengan manusia yang hidupnya tidak seliar dan sekeras para binatang yang hidup di hutan. Belajar dari pola hidup binatang, mereka memiliki keberanian untuk bersuara, manusia kadang punya rasa takut saat akan bersuara dan berterus terang, hal tersebut terjadi karena berbagai faktor yang melatarbelakanginya, seperti kurangnya rasa percaya diri, dan lain sebagainya. Maka dari itu kita harus meneladani sifat-sifat binatang dalam hal keberanian dalam hidup kita. Kumpulan Kisah Binatang Dan Suara Bising ini merupakan sebuah buku yang ditulis oleh Liza Erfiana. Buku ini berisi kumpulan cerita binatang dan suara-suara bising yang akan membantu kalian memupuk keberanian dalam berterus terang. Lalu, apa manfaat yang diperoleh dengan keberanian berterus terang tersebut? Tentu banyak, salah satunya, orang lain tidak salah menangkap maksud kalian dan setidaknya perasaan kalian menjadi lebih lega. Dengan membaca berbagai cerita dalam buku ini, diharapkan kalian makin percaya diri untuk lebih berani berterus terang demi kebaikan.